How a participatory process can matter in planning the city (Record no. 108986)

000 -LEADER
fixed length control field 01013pab a2200181 454500
008 - FIXED-LENGTH DATA ELEMENTS--GENERAL INFORMATION
fixed length control field 180718b2015 xxu||||| |||| 00| 0 eng d
100 ## - MAIN ENTRY--PERSONAL NAME
Personal name Kamath, Lalitha
245 ## - TITLE STATEMENT
Title How a participatory process can matter in planning the city
260 ## - PUBLICATION, DISTRIBUTION, ETC.
Date of publication, distribution, etc. 2015
300 ## - PHYSICAL DESCRIPTION
Extent p.54-61.
362 ## - DATES OF PUBLICATION AND/OR SEQUENTIAL DESIGNATION
Dates of publication and/or sequential designation 26 Sep
520 ## - SUMMARY, ETC.
Summary, etc. While Indian cities experience newer challenges, and city visions are increasingly grandiose, planning continues to be straitjacketed. Looking specifically at the process so far in the creation of Mumbai's third Development Plan, the article traces people's collectivisation around the DP, as well as the nuances and outcomes of this participation. While highlighting larger challenges in planning for the city, it has emphasised the importance of local government autonomy and its responsibility to respond to local needs. - Reproduced.
650 ## - SUBJECT ADDED ENTRY--TOPICAL TERM
Topical term or geographic name entry element Participatory development
650 ## - SUBJECT ADDED ENTRY--TOPICAL TERM
Topical term or geographic name entry element Urban planning
700 ## - ADDED ENTRY--PERSONAL NAME
Personal name Joseph, Marina
773 ## - HOST ITEM ENTRY
Main entry heading Economic and Political Weekly
909 ## -
-- 108991
Holdings
Withdrawn status Lost status Damaged status Not for loan Permanent Location Current Location Date acquired Serial Enumeration / chronology Barcode Date last seen Price effective from Koha item type
        Indian Institute of Public Administration Indian Institute of Public Administration 2018-07-19 Volume no: 50, Issue no: 39 AR109451 2018-07-19 2018-07-19 Articles

Powered by Koha